Statistiques concernant Trouve les paroles - Vole - Celine Dion

Cliquez ici pour prendre le quiz!

Statistiques générales

  • Ce quiz a été pris 81 fois
  • Le résultat moyen est 95 sur 124

Statistiques - réponses

Réponse% Correct
à
100%
mon
100%
Vole
100%
volé
100%
vole
100%
la
97%
ma
95%
te
95%
petite
92%
ange
90%
de
90%
le
90%
ne
90%
Va
90%
va
90%
amour
87%
ton
87%
pas
85%
tu
85%
rien
82%
douce
79%
l'as
79%
lumière
79%
Puisque
79%
t'en
79%
voyage
79%
douleur
77%
est
77%
et
77%
hirondelle
77%
loin
77%
lourd
77%
soeur
77%
soulage
77%
Ta
77%
ta
77%
trop
77%
aile
74%
dernier
74%
retrouver
74%
vie
72%
nous
69%
Quitte
69%
retienne
69%
sereine
69%
des
67%
laisse
67%
misère
67%
pour
67%
tes
67%
âme
64%
Celle
64%
colombe
64%
flamme
64%
l'autre
64%
que
64%
Qu'ici
64%
rejoindre
64%
rive
64%
nôtre
62%
t'envoler
62%
ciel
59%
Lâche
59%
peau
59%
terre
59%
corps
56%
d'enfant
56%
épuisées
56%
heures
56%
souffrance
56%
voulais
56%
cesse
54%
manteau
54%
sois
54%
tant
54%
Qu'enfin
51%
Change
49%
d'univers
49%
fleurs
49%
Rejoins
46%
rires
46%
souffle
46%
l'éther
44%
Deviens
41%
Laisse-nous
33%

Distribution des résultats

Percentile par nombre de réponses

% des personnes avec chaque résultat

Votre développement - résultats

Vous n’avez pas pris ce quiz